[Event "X Anibal Open"]
[Site "Linares ESP"]
[Date "2003.03.04"]
[Round "5"]
[White "Gorbatov,A"]
[Black "Najer,E"]
[Result "0-1"]
[WhiteElo "2448"]
[BlackElo "2585"]
[EventDate "2003.02.28"]

1. Nf3 d5 2. b3 Bg4 3. Bb2 Nd7 4. e3 e6 5. Be2 Ngf6 6. O-O Bd6 7. d4 O-O 8.
c4 c6 9. Nbd2 Qe7 10. h3 Bf5 11. Nh4 Be4 12. f3 Bf5 13. Qe1 h6 14. Nxf5
exf5 15. Bd3 Rfe8 16. Bxf5 Qxe3+ 17. Qxe3 Rxe3 18. Rfe1 Ree8 19. Nf1 Nf8
20. c5 Bc7 21. Bd3 Nh5 22. Kf2 Nf4 23. Bc2 N8g6 24. Bc3 Nh4 25. Ne3 Re6 26.
b4 Rae8 27. Rab1 Kf8 28. b5 Nhxg2 29. Nxg2 Re2+ 30. Rxe2 Rxe2+ 31. Kf1 Rxc2
32. b6 axb6 33. cxb6 Bd6 34. Bb4 Bxb4 35. Nxf4 Bd6 0-1

[Event "X Anibal Open"]
[Site "Linares ESP"]
[Date "2003.03.04"]
[Round "5"]
[White "Arizmendi Martinez,J"]
[Black "Labib,I"]
[Result "1/2-1/2"]
[WhiteElo "2520"]
[BlackElo "2439"]
[EventDate "2003.02.28"]

1. e4 c6 2. d4 d5 3. e5 Bf5 4. Nc3 h5 5. Be2 e6 6. Bxh5 c5 7. Be2 cxd4 8.
Nb5 Nc6 9. Nxd4 Nxd4 10. Qxd4 Ne7 11. Nf3 Nc6 12. Qa4 Be4 13. O-O Bxf3 14.
Bxf3 Rh4 15. Qb5 Qc7 16. c3 a6 17. Qe2 Nxe5 18. g3 Nxf3+ 19. Qxf3 Re4 20.
Bf4 Qc4 21. b3 Qe2 22. Qxe2 Rxe2 23. Rfe1 Rc2 24. Rec1 Rxc1+ 25. Rxc1 Rc8
26. Bd2 Ba3 27. Re1 b5 28. Re3 b4 29. Rd3 bxc3 30. Rxc3 Rxc3 31. Bxc3 f6
32. Kf1 Kd7 33. Ke2 e5 34. Kd3 Ke6 35. g4 d4 36. Bd2 Kd5 37. f3 g6 38. h4
f5 39. gxf5 gxf5 40. h5 e4+ 41. fxe4+ fxe4+ 42. Ke2 d3+ 43. Kd1 Bc5 44. h6
e3 45. Bxe3 Bxe3 46. h7 Bd4 47. Kd2 Ke4 1/2-1/2

[Event "X Anibal Open"]
[Site "Linares ESP"]
[Date "2003.03.04"]
[Round "5"]
[White "Russek,G"]
[Black "Del Rio Angelis,S"]
[Result "0-1"]
[WhiteElo "2371"]
[BlackElo "2487"]
[EventDate "2003.02.28"]

1. e4 e6 2. d4 d5 3. exd5 exd5 4. c4 Nf6 5. Nc3 Be7 6. Bd3 O-O 7. Nge2 c6
8. O-O dxc4 9. Bxc4 Nbd7 10. Nf4 Nb6 11. Bb3 Bf5 12. Re1 Bd6 13. h3 Re8 14.
Rxe8+ Qxe8 15. Be3 Qd7 16. Qf3 Re8 17. Rd1 Ne4 18. Nd3 Nxc3 19. bxc3 Be4
20. Qh5 Nd5 21. Nc5 Qe7 22. Nxe4 Qxe4 23. Bd2 Re6 24. Qg4 Qd3 25. g3 h5 26.
Qg5 Qf3 27. Re1 Be7 28. Rxe6 Bxg5 29. Re8+ Kh7 30. Bc2+ g6 31. Bxg5 Nxc3
32. Be3 h4 33. gxh4 Qxh3 34. Bd3 Qg4+ 35. Kh2 Qxh4+ 36. Kg2 Qg4+ 37. Kh2
Nd5 38. Re4 Qh5+ 39. Kg3 Nxe3 40. fxe3 Qd1 0-1

[Event "X Anibal Open"]
[Site "Linares ESP"]
[Date "2003.03.04"]
[Round "5"]
[White "Kovacevic,Sl"]
[Black "Pavlovic,Mi"]
[Result "0-1"]
[WhiteElo "2396"]
[BlackElo "2560"]
[EventDate "2003.02.28"]

1. d4 Nf6 2. Nf3 d5 3. Bf4 c5 4. e3 Qb6 5. Nc3 Bd7 6. Rb1 e6 7. Be2 Be7 8.
O-O O-O 9. Ne5 Rc8 10. Bg5 Be8 11. Bd3 Qc7 12. Bf4 Qa5 13. Bg5 Nc6 14. Nf3
c4 15. Be2 b5 16. a3 Ne4 17. Nxe4 dxe4 18. Bxe7 exf3 19. Bxf3 Nxe7 20. Bxa8
Rxa8 21. c3 Qc7 22. f3 Nd5 23. Qd2 f5 24. Rbe1 Bg6 25. e4 Nf4 26. exf5 Bxf5
27. Re3 h5 28. Qf2 Rf8 29. Qh4 Rf6 30. g3 Nh3+ 31. Kg2 Rh6 32. d5 e5 33. f4
e4 34. Rd1 Qd6 35. Rd4 Kh7 36. Re1 a5 37. Re2 b4 38. axb4 axb4 39. Rdd2 Qb6
0-1

[Event "X Anibal Open"]
[Site "Linares ESP"]
[Date "2003.03.04"]
[Round "5"]
[White "Ezat,M"]
[Black "Pogorelov,R"]
[Result "1-0"]
[WhiteElo "2381"]
[BlackElo "2517"]
[EventDate "2003.02.28"]

1. d4 Nf6 2. c4 e6 3. Nf3 b6 4. g3 Ba6 5. b3 Bb4+ 6. Bd2 Be7 7. Bg2 c6 8.
Bc3 d5 9. Nbd2 Nbd7 10. O-O O-O 11. Re1 c5 12. cxd5 Nxd5 13. Bb2 Rc8 14.
Rc1 Rc7 15. a3 Bb7 16. dxc5 Bxc5 17. b4 Be7 18. Rxc7 Qxc7 19. Qa1 N5f6 20.
Rc1 Qb8 21. Ne5 Bxg2 22. Kxg2 Qb7+ 23. Nc6 Nb8 24. b5 Rc8 25. Bxf6 Bxf6 26.
Qb1 Nxc6 27. bxc6 Qa6 28. Qb4 Qxe2 29. Ne4 Bb2 30. Nd6 Bxc1 31. Nxc8 Be3
32. Ne7+ Kh8 33. Ng6+ hxg6 34. Qh4+ Kg8 35. Qd8+ Kh7 36. Qh4+ Bh6 37. c7
Qc2 38. Qd8 Bg5 39. Qd7 Be3 40. Qxf7 Qc6+ 41. Qf3 Qxc7 42. Qxe3 Qc6+ 43.
Kg1 a5 44. Qd4 Qc1+ 45. Kg2 Qxa3 46. Qh4+ Kg8 47. Qd8+ Qf8 48. Qxb6 Qa8+
49. Kg1 Qd5 50. Qa6 Kh7 51. h4 e5 52. Kh2 Qa2 53. Kg2 a4 54. h5 Qd5+ 55.
Kh2 Qe4 56. hxg6+ Kh6 57. Kg1 Qd4 58. Qa8 Kxg6 59. Qe8+ Kg5 60. Qe7+ Kg4
61. Qf7 e4 62. Qf4+ Kh3 1-0

[Event "X Anibal Open"]
[Site "Linares ESP"]
[Date "2003.03.04"]
[Round "5"]
[White "Shetty,R"]
[Black "Potkin,V"]
[Result "1/2-1/2"]
[WhiteElo "2372"]
[BlackElo "2516"]
[EventDate "2003.02.28"]

1. e4 e6 2. d4 d5 3. Nc3 Bb4 4. e5 Ne7 5. a3 Bxc3+ 6. bxc3 b6 7. Qg4 Ng6 8.
h4 h5 9. Qg3 Ba6 10. Ne2 Kf8 11. a4 Kg8 12. Nf4 Nxf4 13. Bxa6 Nxg2+ 14.
Qxg2 Nxa6 15. Rg1 Rh7 16. Bg5 Qd7 17. Bf6 g6 18. Qf1 Nb8 19. a5 Nc6 20.
axb6 cxb6 21. Qd3 Rc8 22. Ke2 Ne7 23. Rgb1 Rc7 24. Qb5 Qc8 25. Rb3 Rh8 26.
Ra4 Kh7 27. Bxh8 Kxh8 28. Kd3 Nc6 29. Rba3 Kg7 30. c4 Qd7 31. Ke3 dxc4 32.
Rxc4 Nxd4 33. Qxd7 Nf5+ 34. Kd2 Rxd7+ 35. Rd3 Rb7 36. Rd8 f6 37. Rdc8 fxe5
38. R8c7+ Rxc7 39. Rxc7+ Kf6 40. Rxa7 Nxh4 41. Rb7 Nf3+ 42. Ke3 Nd4 43. c4
Nf5+ 44. Kd3 e4+ 45. Kc3 e3 46. fxe3 Nxe3 47. Kd3 Ng4 48. Rxb6 h4 49. c5 h3
50. Ke2 Ke5 51. Rd6 Nf6 52. Rd1 h2 53. Kf3 h1=Q+ 54. Rxh1 Kd5 55. Rc1 Nd7
56. Rd1+ Kc6 57. Rd6+ Kc7 58. Rxe6 Nxc5 59. Rxg6 Kd7 60. Kf4 Ke7 61. Rc6
Nd7 62. Kf5 Nf8 63. Ke5 Nd7+ 64. Kd4 Nf6 65. Ra6 Nd7 66. Kd5 Nf6+ 67. Kd4
Nd7 68. Rc6 Nf6 69. Kc5 Nd7+ 70. Kb5 Nf8 71. Rh6 Nd7 72. Kc6 Nf6 73. Rh1
Ke6 74. Re1+ Kf5 75. Kd6 Ne4+ 76. Kd5 Nf6+ 77. Kd4 Ng4 78. Rf1+ Ke6 1/2-1/2

[Event "X Anibal Open"]
[Site "Linares ESP"]
[Date "2003.03.04"]
[Round "5"]
[White "Cheparinov,I"]
[Black "Salgado Lopez,O"]
[Result "1-0"]
[WhiteElo "2478"]
[BlackElo "2166"]
[EventDate "2003.02.28"]

1. e4 c5 2. Nf3 e6 3. d4 cxd4 4. Nxd4 a6 5. Bd3 Nc6 6. Nxc6 dxc6 7. Nd2 e5
8. O-O Nf6 9. Nc4 Qc7 10. Bd2 b5 11. Ba5 Qb8 12. Nb6 Ra7 13. Nxc8 Qxc8 14.
a4 Rd7 15. axb5 axb5 16. Qf3 Bd6 17. Bc3 O-O 18. Ra2 Rb7 19. Rfa1 Nd7 20.
Bd2 Rd8 21. c3 c5 22. b4 c4 23. Bc2 Bc7 24. Bg5 Re8 25. Be3 Nf8 26. g3 Ne6
27. Ra6 Rd8 28. Qg4 Rd6 29. Rxd6 Bxd6 30. Qd1 Qc6 31. Qd5 Qc7 32. Bd1 Kf8
33. Bg4 Ke7 34. Ra8 h6 35. Ra6 Nd8 36. Rxd6 Qxd6 37. Bc5 Qxc5 38. bxc5 1-0

[Event "X Anibal Open"]
[Site "Linares ESP"]
[Date "2003.03.04"]
[Round "5"]
[White "Guerra Bastida,D"]
[Black "Leskovar,Mat"]
[Result "1-0"]
[WhiteElo "2368"]
[BlackElo "2150"]
[EventDate "2003.02.28"]

1. e4 e5 2. Nf3 Nc6 3. Bb5 Nge7 4. Nc3 g6 5. d4 exd4 6. Nd5 Bg7 7. Bg5 h6
8. Bf6 Kf8 9. Nxd4 Qe8 10. Bxg7+ Kxg7 11. Nxc7 Qd8 12. Nxa8 Qa5+ 13. c3 d5
14. O-O Be6 15. Bxc6 Nxc6 16. Nb3 Qd8 17. exd5 Bxd5 18. Nc7 1-0

[Event "X Anibal Open"]
[Site "Linares ESP"]
[Date "2003.03.04"]
[Round "5"]
[White "Halkias,S"]
[Black "Korneev,O"]
[Result "1-0"]
[WhiteElo "2521"]
[BlackElo "2613"]
[EventDate "2003.02.28"]

1. d4 d5 2. c4 e6 3. Nf3 Nf6 4. Nc3 c6 5. Bg5 h6 6. Bxf6 Qxf6 7. Qc2 Nd7 8.
e4 dxe4 9. Qxe4 g6 10. Qe3 Bg7 11. Ne4 Qe7 12. c5 O-O 13. Bc4 Nf6 14. Nxf6+
Qxf6 15. O-O Rd8 16. Ne5 Bd7 17. f4 Be8 18. Kh1 b6 19. b4 a5 20. a3 axb4
21. axb4 bxc5 22. bxc5 Rxa1 23. Rxa1 Qe7 24. Be2 Qb7 25. Bf3 Qb2 26. Rd1
Ra8 27. h3 Ra1 28. Rxa1 Qxa1+ 29. Kh2 h5 30. h4 Bf6 31. g3 Kg7 32. Qf2 Qa4
33. Qb2 Bxe5 34. fxe5 Bd7 35. Bg2 Qc4 36. Qd2 Kf8 37. Qh6+ Ke7 38. Qg5+ Ke8
39. Qd2 Ke7 40. Kg1 Ke8 41. Kf2 Ke7 42. Bf3 Ke8 43. Be4 Ke7 44. Bg2 Ke8 45.
Ke3 Kf8 46. Kf4 Qb3 47. Bf3 Be8 48. Bg2 Qa3 49. Bf3 Qb3 50. g4 hxg4 51.
Kxg4 Qb1 52. Qh6+ Kg8 53. Qe3 Kg7 54. Kg3 Kf8 55. Kf4 Qf1 56. Kg3 Qb1 57.
Be4 Qb8 58. Qf2 Kg8 59. Qe3 Kf8 60. Bg2 Kg8 61. Qf2 Qb3+ 62. Kg4 Qd1+ 63.
Kg3 Qd3+ 64. Kg4 Qd1+ 65. Kf4 Qh5 66. Ke4 Qf5+ 67. Ke3 Qb1 68. Qd2 Kf8 69.
Kf4 Kg8 70. Bh3 Qg1 71. Qe3 Qh2+ 72. Kg5 Kg7 73. Bg4 Bd7 74. Qf3 Be8 75.
Qf6+ Kf8 76. Qh8+ Ke7 77. Qf6+ Kf8 78. Qf4 Qxf4+ 79. Kxf4 Bd7 80. Kg5 Ke7
81. Bf3 Be8 82. Be2 Bd7 83. Ba6 Be8 84. Bb7 Bd7 85. Ba6 Be8 86. Bb7 Bd7 87.
Kh6 Kf8 88. Kh7 Be8 89. Bc8 f5 90. Bxe6 Ke7 91. Bc4 f4 92. Kh6 f3 93. e6
Kf6 94. Bb3 Kf5 95. Kg7 Ke4 96. Bd1 f2 97. Be2 g5 98. hxg5 Kxd4 99. Kf6 Bh5
100. Bf1 Kd5 101. e7 Kxc5 102. g6 1-0

[Event "X Anibal Open"]
[Site "Linares ESP"]
[Date "2003.03.04"]
[Round "5"]
[White "Korobov,A"]
[Black "Kempinski,R"]
[Result "1-0"]
[WhiteElo "2509"]
[BlackElo "2545"]
[EventDate "2003.02.28"]

1. d4 Nf6 2. c4 g6 3. Nc3 Bg7 4. e4 O-O 5. Nf3 c6 6. Bd3 d6 7. O-O Na6 8.
h3 e5 9. Be3 exd4 10. Bxd4 Nc5 11. Re1 Nxd3 12. Qxd3 Qa5 13. Rad1 Be6 14.
b3 Rad8 15. Qd2 b6 16. Qc2 Rfe8 17. Ne2 Nh5 18. Bxg7 Nxg7 19. Ned4 Bd7 20.
Qb2 Qc5 21. Rc1 a5 22. a3 Qh5 23. Ne2 Ne6 24. Qd2 Kg7 25. Ng3 Qh6 26. Qc3+
Kg8 27. Rcd1 Bc8 28. Rd2 Ng5 29. Red1 Nxf3+ 30. Qxf3 Qf8 31. e5 d5 32. cxd5
cxd5 33. Qe3 Be6 34. Qxb6 Rb8 35. Qxa5 Rxb3 36. Rd3 Rb2 37. Qc3 Reb8 38.
Qd4 Ra2 39. Ra1 Rxa1+ 40. Qxa1 Qc5 41. Qd4 Rb1+ 42. Kh2 Qxd4 43. Rxd4 Re1
44. f4 Ra1 45. Rd3 Ra2 46. Kg1 Kg7 47. Nf1 Bf5 48. Rxd5 Rxa3 49. Rd4 h5 50.
Kf2 Ra2+ 51. Kf3 Bc8 52. Rd2 Bb7+ 53. Kf2 Ra4 54. g3 Bc8 55. h4 Be6 56. Ne3
Ra3 57. Nc2 Ra2 58. Ke3 Bg4 59. Nb4 Ra1 60. Nd5 Rf1 61. Rd3 Re1+ 62. Kd4
Bf5 63. Rc3 Rd1+ 64. Kc5 Be6 65. Nf6 Rd8 66. Kb6 Rb8+ 67. Ka7 Rf8 68. Rc7
Rd8 69. Ne4 Kg8 70. Rc3 Rd4 71. Ng5 Ba2 72. Kb6 Rd8 73. Kc7 Rd1 74. Ra3 Bc4
75. Ra8+ Kg7 76. Rd8 Rg1 77. Ne4 Be6 78. Kd6 Ra1 79. Ng5 Ra6+ 80. Kc7 Ba2
81. Rd7 Kf8 82. Kb8 Ra3 83. Ra7 Rb3+ 84. Kc7 Rc3+ 85. Kd6 Rd3+ 86. Kc5 Rc3+
87. Kd4 Rc2 88. Ra3 Rd2+ 89. Ke3 Rg2 90. Kd4 Rd2+ 91. Rd3 Rc2 92. Ne4 Rc4+
93. Ke3 Rb4 94. Ra3 Bd5 95. Ng5 Kg7 96. Ra5 Bb3 97. Ra7 Kg8 98. Ra6 Kg7 99.
Ra7 Kg8 100. Ne4 Kf8 101. Ra8+ Kg7 102. Ra7 Kf8 103. f5 gxf5 104. Nf6 Be6
105. Ra8+ Kg7 106. Nxh5+ Kh6 107. Nf6 Rb3+ 108. Kf2 Rb5 109. Rh8+ Kg7 110.
Rh7+ Kg6 111. h5+ Kg5 112. h6 Rxe5 113. Ng8 f4 114. Rg7+ Kf5 115. g4+ Ke4
116. h7 1-0

[Event "X Anibal Open"]
[Site "Linares ESP"]
[Date "2003.03.04"]
[Round "5"]
[White "Martos Exposito,M"]
[Black "Gokhale,C"]
[Result "0-1"]
[WhiteElo "2139"]
[BlackElo "2374"]
[EventDate "2003.02.28"]

1. e4 e5 2. Bc4 Nf6 3. d3 Nc6 4. Nf3 Be7 5. c3 O-O 6. O-O d5 7. exd5 Nxd5
8. Re1 Qd6 9. Qe2 Nf4 10. Bxf4 exf4 11. Ne5 Nxe5 12. Qxe5 Qxe5 13. Rxe5 Bd6
14. Re1 c6 15. Nd2 h6 16. Ne4 Bc7 17. a4 b6 18. f3 Rd8 19. d4 Kf8 20. Re2
Bf5 21. Rae1 Rd7 22. Nf2 Bd6 23. Nd3 Rc7 24. Nc1 Rd8 25. Nb3 g6 26. Nc1 Be7
27. Na2 Bh4 28. Rd1 Re8 29. Nb4 Rxe2 30. Bxe2 Be7 31. Nd3 Bd6 32. Ne1 c5
33. Kf1 c4 34. Rd2 a6 35. Kf2 b5 36. axb5 axb5 37. Bd1 Be6 38. g3 g5 39.
Bc2 f5 40. Re2 Kf7 41. Ng2 fxg3+ 42. hxg3 Kf6 43. f4 Ra7 44. Rd2 Ra1 45.
Bd1 Ra2 46. fxg5+ hxg5 47. Bf3 Ba3 48. Bc6 Rxb2 49. Rxb2 Bxb2 50. d5 Bf7
51. Bxb5 Bxc3 52. d6 Bd4+ 53. Ke2 Bh5+ 54. Kd2 c3+ 55. Kd3 f4 56. gxf4 Bg6+
57. Ke2 c2 58. fxg5+ Ke5 59. d7 c1=Q 60. d8=Q Bh5+ 0-1

[Event "X Anibal Open"]
[Site "Linares ESP"]
[Date "2003.03.04"]
[Round "5"]
[White "Ruiz Jimenez,F"]
[Black "Rojas Sola,J"]
[Result "0-1"]
[WhiteElo "2132"]
[BlackElo "2022"]
[EventDate "2003.02.28"]

1. e4 c6 2. d4 d5 3. exd5 cxd5 4. c4 Nc6 5. Nc3 Nf6 6. Nf3 g6 7. Bf4 Bg7 8.
Be2 Be6 9. c5 Ne4 10. O-O O-O 11. Bb5 Qa5 12. Bxc6 Nxc3 13. bxc3 bxc6 14.
Qb3 Bf5 15. Rfe1 Rfe8 16. Qb4 Qa6 17. a4 Be4 18. Nd2 Bd3 19. Re3 Bf6 20.
Rae1 Bc2 21. Ra1 Kg7 22. Ra2 Bd3 23. Rb2 h5 24. Nf3 Be4 25. h3 Qc8 26. Rbe2
a5 27. Qb2 Ra7 28. Qb6 Rb7 29. Qxa5 Qf5 30. Be5 Bxf3 31. Rxf3 Qb1+ 32. Kh2
Bxe5+ 33. Rxe5 Qf1 34. h4 Rb1 35. Kg3 Qh1 36. Kf4 Qxg2 37. Qc7 Qg4+ 38. Ke3
Re1+ 39. Kd2 Qxf3 40. Kxe1 Qxc3+ 41. Kf1 Qh3+ 42. Ke1 Qh1+ 43. Kd2 Qxh4 44.
Qxc6 Rb8 45. Qxd5 Rb2+ 46. Kd3 Qxf2 47. Re3 Qc2+ 0-1

[Event "X Anibal Open"]
[Site "Linares ESP"]
[Date "2003.03.05"]
[Round "6"]
[White "Halkias,S"]
[Black "Delchev,A"]
[Result "1/2-1/2"]
[WhiteElo "2521"]
[BlackElo "2583"]
[EventDate "2003.02.28"]

1. d4 Nf6 2. c4 e6 3. Nf3 d5 4. Nc3 c6 5. Bg5 Nbd7 6. e3 Qa5 7. Nd2 Bb4 8.
Qc2 O-O 9. Be2 c5 10. O-O cxd4 11. exd4 dxc4 12. Bh4 Qb6 13. a3 Bxc3 14.
bxc3 Qc6 15. a4 b6 16. Nxc4 Bb7 17. Ne3 Qe4 1/2-1/2

[Event "X Anibal Open"]
[Site "Linares ESP"]
[Date "2003.03.05"]
[Round "6"]
[White "Pavlovic,Mi"]
[Black "Alonso,S"]
[Result "1-0"]
[WhiteElo "2560"]
[BlackElo "2443"]
[EventDate "2003.02.28"]

1. e4 c5 2. Nf3 Nc6 3. d4 cxd4 4. Nxd4 g6 5. Nc3 Bg7 6. Be3 Nf6 7. Bc4 O-O
8. Bb3 d6 9. f3 Bd7 10. h4 Nxd4 11. Bxd4 b5 12. h5 e6 13. hxg6 hxg6 14. Be3
Bc6 15. Qd2 d5 16. O-O-O b4 17. Ne2 a5 18. Bh6 Bh8 19. Bg5 a4 20. Rxh8+
Kxh8 21. e5 Ne4 22. Bxd8 1-0

[Event "X Anibal Open"]
[Site "Linares ESP"]
[Date "2003.03.05"]
[Round "6"]
[White "Gokhale,C"]
[Black "Sorokin,M"]
[Result "0-1"]
[WhiteElo "2374"]
[BlackElo "2560"]
[EventDate "2003.02.28"]

1. d4 Nf6 2. c4 e6 3. Nc3 Bb4 4. Bg5 c5 5. d5 h6 6. Bh4 Bxc3+ 7. bxc3 d6 8.
e3 e5 9. Qc2 Qe7 10. Nf3 g5 11. Bg3 Nh5 12. Bd3 Ng7 13. Nd2 f5 14. f3 O-O
15. Bf2 Nd7 16. h4 g4 17. h5 Nf6 18. Bh4 e4 19. fxe4 Qe5 20. O-O-O fxe4 21.
Nxe4 Nxe4 22. Bxe4 Bf5 23. Bxf5 Nxf5 24. Rde1 Rae8 25. e4 Nxh4 26. Rxh4
Qg5+ 0-1

[Event "X Anibal Open"]
[Site "Linares ESP"]
[Date "2003.03.05"]
[Round "6"]
[White "Cabrera,A"]
[Black "Shetty,R"]
[Result "1-0"]
[WhiteElo "2478"]
[BlackElo "2372"]
[EventDate "2003.02.28"]

1. e4 c5 2. Nf3 e6 3. c4 Nc6 4. Nc3 Nf6 5. Be2 a6 6. O-O Qc7 7. d4 cxd4 8.
Nxd4 Nxd4 9. Qxd4 Bd6 10. Kh1 Be5 11. Qe3 b6 12. Na4 b5 13. Nb6 Rb8 14.
Nxc8 Qxc8 15. f4 Bc7 16. e5 Ng8 17. cxb5 axb5 18. Qc5 Qb7 19. a4 bxa4 20.
Rxa4 Qc6 21. Qa3 Ne7 22. Be3 Qb7 23. Ba7 Ra8 24. Bf3 Nc6 25. Bc5 Rxa4 26.
Qxa4 Bb8 27. b4 Qc7 28. Qa8 Nd8 29. Rd1 1-0

[Event "X Anibal Open"]
[Site "Linares ESP"]
[Date "2003.03.05"]
[Round "6"]
[White "El Gindy,E"]
[Black "Guerra Bastida,D"]
[Result "1/2-1/2"]
[WhiteElo "2467"]
[BlackElo "2368"]
[EventDate "2003.02.28"]

1. d4 Nf6 2. c4 c5 3. d5 d6 4. Nc3 g6 5. e4 Bg7 6. f4 O-O 7. Nf3 e6 8. Be2
exd5 9. cxd5 Nbd7 10. O-O Re8 11. Nd2 a6 12. a4 c4 13. Kh1 Nc5 14. e5 dxe5
15. fxe5 Rxe5 16. Nxc4 Rf5 17. Bf3 Ng4 18. Ne3 Nxh2 19. Kxh2 Qh4+ 20. Kg1
Be5 21. Ng4 Rxf3 22. Nh6+ Kg7 23. Rxf3 Qh2+ 24. Kf1 Qh1+ 25. Kf2 Qh4+ 26.
Kg1 Qh2+ 27. Kf1 Qh1+ 28. Kf2 Qh4+ 1/2-1/2

[Event "X Anibal Open"]
[Site "Linares ESP"]
[Date "2003.03.05"]
[Round "6"]
[White "Potkin,V"]
[Black "Russek,G"]
[Result "1-0"]
[WhiteElo "2516"]
[BlackElo "2371"]
[EventDate "2003.02.28"]

1. e4 e6 2. d4 d5 3. e5 c5 4. c3 Nc6 5. Nf3 Bd7 6. Be2 Nh6 7. Bxh6 gxh6 8.
O-O Bg7 9. Na3 cxd4 10. cxd4 O-O 11. Nc2 f6 12. exf6 Bxf6 13. Qd2 Bg7 14.
b4 Be8 15. b5 Ne7 16. Ne5 Ng6 17. f4 Rc8 18. g3 Qb6 19. Kh1 Nxe5 20. dxe5
Bg6 21. Bd3 Bxd3 22. Qxd3 Rc4 23. Rad1 Re4 24. Rfe1 Rc8 25. Nd4 Rxe1+ 26.
Rxe1 Bf8 27. f5 exf5 28. Qxf5 Re8 29. e6 Qd8 30. Qf7+ Kh8 31. Nf5 Qa5 32.
Qf6+ Kg8 33. Nxh6+ 1-0

[Event "X Anibal Open"]
[Site "Linares ESP"]
[Date "2003.03.05"]
[Round "6"]
[White "Cheparinov,I"]
[Black "Socko,B"]
[Result "1/2-1/2"]
[WhiteElo "2478"]
[BlackElo "2577"]
[EventDate "2003.02.28"]

1. e4 e5 2. Nf3 Nc6 3. Bb5 a6 4. Ba4 Nf6 5. O-O Be7 6. Re1 b5 7. Bb3 d6 8.
c3 O-O 9. h3 Nb8 10. d4 Nbd7 11. Nbd2 Bb7 12. Bc2 Re8 13. Nf1 Bf8 14. Ng3
g6 15. a4 Bg7 16. Bd3 c6 17. Bg5 h6 18. Bd2 Qc7 19. Qc1 h5 20. Bh6 Nh7 21.
Bxg7 Kxg7 22. Qd2 Ndf8 23. Bc2 Rad8 24. b4 Ne6 25. Bb3 Nf4 26. Ne2 Nxe2+
27. Rxe2 f6 28. Qe3 Nf8 29. Nh4 bxa4 30. Rxa4 d5 31. Qg3 dxe4 32. Rxe4 c5
33. Nf5+ Kh8 34. Rh4 c4 35. Bc2 gxf5 36. Rxh5+ Nh7 37. Bxf5 Re7 38. Qg6 Rf8
39. Qh6 Kg8 40. Qg6+ Kh8 41. Qh6 Kg8 1/2-1/2

[Event "X Anibal Open"]
[Site "Linares ESP"]
[Date "2003.03.05"]
[Round "6"]
[White "Kotronias,V"]
[Black "Inarkiev,E"]
[Result "0-1"]
[WhiteElo "2573"]
[BlackElo "2566"]
[EventDate "2003.02.28"]

1. e4 e5 2. Nf3 Nc6 3. Bb5 a6 4. Ba4 Nf6 5. O-O b5 6. Bb3 Bc5 7. a4 Bb7 8.
d3 O-O 9. Nc3 Na5 10. axb5 Nxb3 11. cxb3 axb5 12. Rxa8 Bxa8 13. Nxe5 d5 14.
Bg5 dxe4 15. dxe4 Qxd1 16. Rxd1 b4 17. Nd5 Nxd5 18. exd5 f6 19. Nd7 Bxf2+
20. Kxf2 Rd8 21. Nc5 fxg5 22. d6 cxd6 23. Na6 Kf7 24. Rd4 Ke7 25. g3 Rf8+
26. Ke2 Bf3+ 27. Ke1 g4 28. Nxb4 Rf5 29. Kf2 Rh5 30. Kg1 Re5 31. Rd2 Rb5
32. Nc2 Rxb3 33. Nd4 Rb6 34. Nf5+ Kd7 35. Nxg7 Rb5 36. h4 gxh3 37. Rf2 Bg4
38. Rf7+ Kc6 39. Rf2 Re5 40. b4 h5 41. Rc2+ Kb5 42. Rd2 d5 43. Kh2 Kxb4 0-1

[Event "X Anibal Open"]
[Site "Linares ESP"]
[Date "2003.03.05"]
[Round "6"]
[White "Korneev,O"]
[Black "Campora,D"]
[Result "1-0"]
[WhiteElo "2613"]
[BlackElo "2505"]
[EventDate "2003.02.28"]

1. e4 c6 2. c4 e5 3. Nf3 d6 4. d4 Nd7 5. Nc3 Ngf6 6. Be2 Be7 7. O-O O-O 8.
Qc2 a6 9. Rd1 Qc7 10. h3 Re8 11. Rb1 Bf8 12. b4 exd4 13. Nxd4 c5 14. Nd5
Nxd5 15. cxd5 Qd8 16. bxc5 Nxc5 17. f3 Bd7 18. Qd2 Rc8 19. Bf1 g6 20. Bb2
Bg7 21. Nb3 Na4 22. Bxg7 Kxg7 23. Rbc1 Qb6+ 24. Kh2 f6 25. Na5 Nc5 26. Nc4
Qc7 27. Qf4 Ba4 28. Nxd6 Re7 29. Rd4 Rd8 30. Ne8+ Bxe8 31. d6 Qb8 32. Rxc5
Red7 33. e5 fxe5 34. Qxe5+ Kg8 35. Bc4+ Bf7 36. Rc7 Re8 37. Bxf7+ Kxf7 38.
Qd5+ Kf8 39. Rf4+ 1-0

[Event "X Anibal Open"]
[Site "Linares ESP"]
[Date "2003.03.05"]
[Round "6"]
[White "Ezat,M"]
[Black "Arizmendi Martinez,J"]
[Result "0-1"]
[WhiteElo "2381"]
[BlackElo "2520"]
[EventDate "2003.02.28"]

1. d4 d6 2. c4 e5 3. Nf3 e4 4. Ng5 f5 5. h4 h6 6. Nh3 Qxh4 7. Nc3 c6 8. Qb3
Qf6 9. e3 g5 10. Bd2 Bg7 11. Be2 Qe7 12. Bh5+ Kf8 13. O-O-O Nf6 14. Be2 Be6
15. f3 Kg8 16. Nf2 d5 17. Rdf1 a6 18. Rhg1 b5 19. cxd5 cxd5 20. g4 Nc6 21.
gxf5 Bf7 22. f4 gxf4 23. Ng4 f3 24. Nxf6+ Qxf6 25. Rg6 Na5 26. Qxd5 Bxd5
27. Nxd5 Qc6+ 28. Rxc6 fxe2 29. Rg1 Nxc6 30. f6 Rh7 31. Be1 Kf7 32. fxg7
Rxg7 33. Rh1 Ne7 34. Nf4 Nf5 35. Kd2 Rg4 36. a3 Nxd4 37. Rxh6 Nf3+ 38. Kxe2
Rc8 39. Bc3 Rcg8 40. Rxa6 R8g5 41. Ra7+ Ke8 42. Bf6 Rf5 43. Bc3 Rh4 44. Bb4
Rh2+ 45. Kd1 Kd8 46. Kc1 Ne5 47. Kb1 Nd3 48. Ne6+ Kc8 49. Rc7+ Kb8 50. Bd6
Rxb2+ 51. Ka1 Ka8 52. Rc8+ Kb7 53. Rc1 Rff2 54. Nd8+ Kb6 55. Rc6+ Ka5 56.
Nb7+ Ka4 57. Nc5+ Nxc5 58. Rxc5 Rbe2 0-1

[Event "X Anibal Open"]
[Site "Linares ESP"]
[Date "2003.03.05"]
[Round "6"]
[White "Amin,B"]
[Black "Martos Exposito,M"]
[Result "1-0"]
[WhiteElo "2281"]
[BlackElo "2139"]
[EventDate "2003.02.28"]

1. e4 c5 2. d3 Nc6 3. Nf3 g6 4. g3 Bg7 5. Bg2 d6 6. O-O e5 7. c3 Nge7 8. a3
O-O 9. b4 b6 10. Nbd2 h6 11. Bb2 Be6 12. Nc4 Qd7 13. b5 Nd8 14. a4 Bxc4 15.
dxc4 Nb7 16. Qe2 Rad8 17. Ne1 Kh7 18. Nc2 Na5 19. Ne3 h5 20. Rad1 Bh6 21.
f4 exf4 22. gxf4 f5 23. e5 Qe6 24. Bd5 Qd7 25. e6 Qc8 26. Kh1 Rf6 27. Qf2
Rdf8 28. Qf3 Rg8 29. Rg1 Bf8 30. Rb1 Rg7 31. Bc1 Ng8 32. Bd2 Be7 33. Rg2
Nh6 34. h3 Rf8 35. Rbg1 Bf6 36. Nf1 h4 37. Be1 Qd8 38. Nd2 Qe7 39. Qe3 Nb7
40. Nf3 Nd8 41. Qe2 Re8 42. Ng5+ Bxg5 43. fxg5 Ng8 44. Bd2 Kh8 45. Qf3 Qc7
46. Re2 Ne7 47. Bf4 Nxd5 48. cxd5 Nb7 49. c4 Rh7 50. Bc1 Na5 51. Bb2+ Kg8
52. Qc3 Ree7 53. Rge1 Qb7 54. Qf6 Rhg7 55. Qxg7+ 1-0

[Event "X Anibal Open"]
[Site "Linares ESP"]
[Date "2003.03.06"]
[Round "7"]
[White "Candela Perez,J"]
[Black "Gleizerov,E"]
[Result "0-1"]
[WhiteElo "2432"]
[BlackElo "2579"]
[EventDate "2003.02.28"]

1. e4 e6 2. d4 d5 3. Nc3 Nf6 4. Bg5 Be7 5. e5 Nfd7 6. h4 O-O 7. Qg4 f5 8.
exf6 Nxf6 9. Qe2 c5 10. dxc5 Nc6 11. O-O-O h6 12. Bf4 Bxc5 13. Nf3 Qe7 14.
Ne5 Nxe5 15. Bxe5 Bd7 16. Rh3 Bc6 17. Rg3 Rf7 18. Rg6 Nd7 19. Bg3 Re8 20.
Qd2 Rf6 21. Rxf6 Nxf6 22. f3 e5 23. Re1 e4 24. Nb5 Nh5 25. Bh2 e3 26. Qd1
Qxh4 27. Bd6 Bxd6 28. Nxd6 e2 0-1

[Event "X Anibal Open"]
[Site "Linares ESP"]
[Date "2003.03.06"]
[Round "7"]
[White "Blehm,P"]
[Black "Cheparinov,I"]
[Result "1-0"]
[WhiteElo "2526"]
[BlackElo "2478"]
[EventDate "2003.02.28"]

1. e4 c5 2. Nf3 Nc6 3. d4 cxd4 4. Nxd4 Nf6 5. Nc3 e5 6. Ndb5 d6 7. Nd5 Nxd5
8. exd5 Nb8 9. c4 Be7 10. Bd3 a6 11. Nc3 O-O 12. O-O f5 13. f3 Bg5 14. Bxg5
Qxg5 15. f4 Qe7 16. fxe5 dxe5 17. a3 a5 18. Nb5 Ra6 19. d6 Rxd6 20. Nxd6
Qxd6 21. b4 Nc6 22. c5 Qd4+ 23. Kh1 axb4 24. axb4 e4 25. Qb3+ Kh8 26. Bb5
f4 27. Rad1 Qe5 28. Bxc6 bxc6 29. Qf7 1-0

[Event "X Anibal Open"]
[Site "Linares ESP"]
[Date "2003.03.06"]
[Round "7"]
[White "Campora,D"]
[Black "Abdelnabbi,I"]
[Result "1-0"]
[WhiteElo "2505"]
[BlackElo "2414"]
[EventDate "2003.02.28"]

1. e4 e5 2. Nf3 Nc6 3. Bb5 a6 4. Ba4 Nf6 5. O-O Be7 6. Re1 b5 7. Bb3 d6 8.
c3 O-O 9. h3 Nd7 10. d4 Nb6 11. Be3 exd4 12. cxd4 Na5 13. Bc2 Nac4 14. Bc1
Bf6 15. b3 Na5 16. Qd3 g6 17. Bh6 Re8 18. Qc3 Nb7 19. e5 Bh8 20. Nbd2 Nd5
21. Qb2 dxe5 22. dxe5 Nc5 23. Rad1 Bb7 24. Ne4 Nd7 25. Bg5 Qc8 26. Ng3 b4
27. Bf5 gxf5 28. Nxf5 Nc3 29. Nh6+ Kg7 30. Qd2 Nxd1 31. Be7 Nxe5 32. Rxe5
f6 33. Rg5+ 1-0